000 01169nam a2200277Ia 4500
003 OSt
005 20210422151932.0
008 210310s1962 sp gr 000 0 spa d
040 _aCO-JMCR
_cCO-JMCR
041 1 _aspa
_hita
082 0 4 _a336.02 /
_bE351p
_223
100 1 _aEinaudi, Luigi,
_915139
_eautor
245 1 0 _aPrincipios de Hacienda Pública /
_cLuigi Einaudi ; traducción, Jaime Algarra, Miguel Paredes ; introducción por Manuel de Torres
260 _aMadrid :
_bAguilar,
_c1962
300 _bxxxvi, 518 páginas ;
_c21 cm.
490 0 _aBiblioteca de Ciencias Sociales. Sección primera : Economía
500 _aIncluye notas a pie de página e índice alfabético. Título original: Principii di scienza della finanza
505 0 _aLos ingresos no derivados del impuesto -- Teoría general del impuesto -- La hacienda extraordinaria y la deuda pública
546 _aTraducido del italiano.
650 1 4 _aHacienda Pública
_915141
650 2 4 _aEconomía
_937064
700 1 _aAlgarra, Jaime,
_etraductor
_937065
700 1 _aParedes, Miguel,
_etraductor
_96077
700 1 _aTorres, Manuel de,
_eintroducción
_93623
942 _2ddc
_cBK
999 _c7681
_d7681